Hand-Atlas über alle theile der erde und über das weltgebäude (Record no. 8669)

MARC details
000 -CABECERA
campo de control de longitud fija 00703nam a2200193 a 4500
001 - NÚMERO DE CONTROL
campo de control BRCA_9018
005 - FECHA Y HORA DE LA ÚLTIMA TRANSACCIÓN
campo de control 20190320210509.0
008 - DATOS DE LONGITUD FIJA--INFORMACIÓN GENERAL
campo de control de longitud fija 200717s--------gw-b######---#000-0#ger-#
041 ## - CÓDIGO DE LENGUA
Código de lengua del texto/banda sonora o título independiente ger
044 ## - CÓDIGO DEL PAÍS DE LA ENTIDAD EDITORA/PRODUCTORA
Código MARC del país gw
084 ## - OTRO NÚMERO DE CLASIFICACIÓN
Número de clasificación LM40
Número de documento/Ítem .S75
100 1# - ENTRADA PRINCIPAL--NOMBRE DE PERSONA
Nombre de persona Stieler, Adolf
9 (RLIN) 22364
245 10 - MENCIÓN DE TÍTULO
Título Hand-Atlas über alle theile der erde und über das weltgebäude
Resto del título nach dem neuesten zustande
Mención de responsabilidad, etc. herausgegeben, und mit Herrn Hofrath C.G. Reichard; gemeinschaftlich augearbeitet, von Adolf Stieler.
260 ## - PUBLICACIÓN, DISTRIBUCIÓN, ETC.
Lugar de publicación, distribución, etc. Gotha
Nombre del editor, distribuidor, etc. bei Justus Perthes
-- il. mapas
Fecha de publicación, distribución, etc. 35.5 x 23.5 cm
500 ## - NOTA GENERAL
Nota general Estado físico: presenta encuadernación en piel y deteriorada
650 14 - PUNTO DE ACCESO ADICIONAL DE MATERIA--TÉRMINO DE MATERIA
Término de materia o nombre geográfico como elemento de entrada Atlas
Subdivisión geográfica Alemania
9 (RLIN) 22365
902 ## - CATALOGADOR
Iniciales CFM
942 ## - ELEMENTOS DE PUNTO DE ACCESO ADICIONAL (KOHA)
Fuente del sistema de clasificación o colocación Library of Congress Classification
Tipo de ítem Koha Libros
Holdings
Estado de retiro Estado de pérdida Estado dañado No para préstamo Localización permanente Ubicación/localización actual Fecha de adquisición Total de préstamos Signatura topográfica completa Código de barras Fecha visto por última vez Precio válido a partir de Tipo de ítem Koha
El ejemplar forma parte de la colección y puede ser consultado según las políticas vigentes.       Biblioteca del Museo Franz Mayer (Rogerio Casas-Alatriste) Biblioteca del Museo Franz Mayer (Rogerio Casas-Alatriste) 20/07/2017   LM40 .S75 CFM00289 22/03/2019 22/03/2019 Libros